| 000 | 00359nam a22001457a 4500 | ||
|---|---|---|---|
| 003 | MACL | ||
| 005 | 20191003171301.0 | ||
| 008 | 191003b xxu||||| |||| 00| 0 eng d | ||
| 040 | _c MACL | ||
| 100 |
_aPrajith J. P. _976871 |
||
| 245 | _aEvolution of Tantric Culture | ||
| 260 |
_aDelhi _bKaveri Books _c2018 |
||
| 650 |
_aReligion _976872 |
||
| 942 |
_2ddc _cBK |
||
| 999 |
_c61146 _d61146 |
||